*ČSN 260401 Řetezy dopravních zařízení
| Format: | Book |
|---|---|
| Language: | Undetermined |
| PhysicalDescription: | 17 s. |
| Published: |
Praha
ÚNM
1975
|
| Edition: | 1. vyd. |
MARC
| LEADER | 00000nam a2200000 a 4500 | ||
|---|---|---|---|
| 001 | vtls001452160 | ||
| 003 | SK-MaSNL | ||
| 005 | 20260224113752.0 | ||
| 008 | 210928s1975 xx 0 und | ||
| 035 | |a SNK000407467 | ||
| 040 | |a SNK |b slo |c SNK |e AACR2 | ||
| 245 | 1 | |a *ČSN 260401 Řetezy dopravních zařízení | |
| 250 | |a 1. vyd. | ||
| 260 | |a Praha |b ÚNM |c 1975 | ||
| 300 | |a 17 s. | ||
| 958 | |a OND | ||
| 999 | |c 987367 |d 989297 | ||
| 952 | |t P60, <04>, [BOOK], {604} |a SNK |b SNK |y VYP |7 0 |p 17A0381240 |o snkČSN 260401 |0 0 |1 0 |4 0 |d 2003-04-12 |l 0 |r 2005-01-02 00:00:00 |w 2026-02-24 | ||


